000 01674nam0a22003011 4500
001 rc\4421840
005 20130416154242.4
021 _aRU
_b[65-23801]
035 _a(NLR Aleph) 008570666
090 _a8523406
_c8523406
100 _a20130416d1965 |||y0rusy50 ca
101 0 _arus
102 _aRU
105 _ay z |||||
200 1 _aТехнико-экономическая эффективность комплексной механизации и автоматизации производственных процессов на шахтах угольной промышленности
_eОбзор
_fГос. ком. по топливной пром-сти при Госплане СССР. Центр. науч.-исслед. ин-т информации и техн.-экон. исследований угольной пром-сти
210 _aМосква
_cНедра
_d1965
215 _a56 с.
_d21
225 1 _aСерия "Технология и экономика подземной добычи угля"
300 _aПеред загл. авт.: П.З. Звягин, А.С. Миневич, Ю.А. Рудинкин
606 _aУгледобыча
_xАвтоматизация и механизация комплексная
_xТехнико-экономические показатели
_2psbo
700 1 _aЗвягин
_bП. З.
_gПавел Захарович
701 1 _aМиневич
_bА. С.
_gАбрам Соломонович
701 1 _aРудинкин
_bЮ. А.
_gЮрий Александрович
801 0 _aRU
_bNLR
_gpsbo
801 1 _aRU
_bELAR
_2rusmarc
852 _aNLR
_j65-6/4087
942 _cBOOK
980 _aNB